00988cam a22002534a 45000010008000000030004000080050017000120080041000290100017000700200018000870400018001050420008001230430012001310500015001430820016001581000022001742450052001962600044002483000025002925000050003175050305003676500027006726500035006994994718OSt20220204155516.0990308s1999 nju b 001 0 eng  a 99020812  a9789386314208 aDLCcDLCdDLC apcc an-us---00aHF5718.C4900a658.4/52211 aChaudhary, Arvind10aCommunication for business. /cArvind Chaudhary aNew Delhi:bRandom Publications,c2017. avi, 288 p. :bIll. ; aIncludes bibliographical references and index aContents: Introduction -- Business communication -- Management in oral communication -- Non-verbal communication in business -- line manager in communications -- Communication technology -- Written communication -- Method of making presentations -- Corporate communication and business management --  0aBusiness communication 0aCommunication in organizations